000 00433nam a2200181Ia 4500
001 22609
005 20260414150842.0
008 260414t2013||||xx |||||||||||||| ||spa||
041 _aESP
082 _a621.3822
_bA168
100 _aApte, Shaila D.
_eAUT
245 0 _aSpeech and audio processing
_b
260 _c2013
300 _axxiii, 438 páginas :
_c24 cm.
650 _aTCA
654 _aCET
942 _cLIB
_dJUS
_fJUS
_2ddc
_n
999 _c22609
_d22609